|
|
|
|
| LEADER |
00000naa2a2200000 4500 |
| 001 |
151351 |
| 005 |
20231031150621.0 |
| 035 |
|
|
|a (RuTPU)RU\TPU\book\164095
|
| 090 |
|
|
|a 151351
|
| 100 |
|
|
|a 20090122d2008 k y0rusy50 ca
|
| 101 |
0 |
|
|a rus
|
| 102 |
|
|
|a RU
|
| 200 |
1 |
|
|a Моделирование смесительно-отстойных экстракторов
|f А. Н. Кириллов, Ю. А. Чурсин
|g науч. рук. Ю. А. Чурсин
|
| 320 |
|
|
|a Библиогр.: 3 назв.
|
| 461 |
|
1 |
|0 (RuTPU)RU\TPU\book\156858
|t Современные техника и технологии
|o 14 Международная научно-практическая конференция студентов, аспирантов и молодых ученых, г. Томск, 24-28 марта 2008 г.
|o труды
|o в 3 т.
|f Томский политехнический университет (ТПУ)
|d 2008
|
| 463 |
|
1 |
|0 (RuTPU)RU\TPU\book\158716
|t Т. 2
|v С. 310-311
|d 2008
|p 434 с.
|
| 610 |
1 |
|
|a экстракторы
|
| 610 |
1 |
|
|a жидкостная экстракция
|
| 610 |
1 |
|
|a экстрагенты
|
| 610 |
1 |
|
|a реэкстракция
|
| 610 |
1 |
|
|a смесительно-отстойные экстракторы
|
| 610 |
1 |
|
|a модели
|
| 610 |
1 |
|
|a математическое моделирование
|
| 610 |
1 |
|
|a автоматическое управление
|
| 610 |
1 |
|
|a труды учёных ТПУ
|
| 700 |
|
1 |
|a Кириллов
|b А. Н.
|
| 701 |
|
1 |
|a Чурсин
|b Ю. А.
|
| 702 |
|
1 |
|a Чурсин
|b Ю. А.
|4 727
|
| 801 |
|
1 |
|a RU
|b 63413507
|c 20090122
|g PSBO
|
| 801 |
|
2 |
|a RU
|b 63413507
|c 20131001
|g RCR
|
| 942 |
|
|
|c BK
|